MDQL
is popping MORE tags! Check the
thread
!
Quizzes
Events
Quiz Creation
Community
Videos
Private Events
Remove Ads
Sign In
Join for FREE
Feedback
Dark Mode
Quiz Categories
Sports
Geography
Music
Movies
Television
Just For Fun
Miscellaneous
History
Literature
Language
Science
Gaming
Entertainment
Religion
Holiday
For Kids
Quiz Lab
Recent
Popular Today
Quiz Kudos Today
Editor Picks
Curator Picks
Quizzes by...
Day
Popularity
Type
Ratings
Length
Year
Community
Subscriptions
Recent Discussions
Orange Saloon
Badges
Playlists
Quests
Create
Leaderboards
Showdown
Live 5
Trivia Bingo
Activity
Puzzle Library
Sporcle Events
Private Events
Virtual Trivia
Globe League
Become a Host
Pub Owners
SporcleCon
Opinionation
Our Games
Videos
Blog
Mobile Apps
Partnerships
Remove Ads and Go Orange
Feedback
Science
Computer
Plants
Astronomy
Chemistry
Elements
Math
Animal
Physics
Anatomy
Biology
Geology
General Science
Science
Computer
Plants
Astronomy
Chemistry
Elements
Math
Animal
Physics
Anatomy
Biology
Geology
General Science
Random Quiz
Search Sporcle
×
Featured
Featured
Science
Biology
Select answers by clicking on text or image buttons
Select answers by clicking on text or image buttons
Clickable
Best Score? Go Orange.
Click the Birds of Prey Stats
Can you click the birds of prey, avoiding the birds that don't fall into that category?
By
christopherjulia
2m
15 Questions
16K Plays
16,019 Plays
16,019 Plays
Comments
Comments
Give Quiz Kudos
Give Quiz Kudos
-
- Ratings
hide this ad
More Info
Replay
Link that replays current quiz
Next Quiz
Link to next quiz in quiz playlist
You Got
0%
They Got
Avg Score
79%
Avg Friend Score
Upgrade to see
Score Distribution
Jump to the score distribution portion of the page
Score
0/15
Timer
02:00
3
Plays Today
% Correct
Golden Eagle
96%
Peregrine Falcon
94.5%
Condor
91.9%
Barn Owl
91.4%
Osprey
90.1%
Buzzard
88.5%
Vulture
88.4%
Goshawk
87.3%
% Correct
Kestrel
84.6%
Red Kite
77.4%
Marsh Harrier
76.8%
Hen Harrier
71.7%
Merlin
63.4%
Secretarybird
55.1%
Hobby
40.6%
Quiz Playlist
Details
Report
Send in Message
Add To Playlist
More Info:
'Birds of prey' includes all species classified as raptors, whether predatory or carrion-feeders.
Clickable:
Select answers by clicking on text or image buttons
Last Updated: Apr 27, 2022
Featured
Curator Pick in
Animal
Quiz Scoreboard
CHALLENGE
Sign Up to Join the Scoreboard
Show All
Scores
Hide
Comments
May contain spoilers
Recently Published
Street Fighter Characters
by Artimus82
Gaming
60s
9x9 Crossword: Cartoon Network
by jackfrog10
Miscellaneous
3m
College Basketball Coaching Resumes
by pancakes188
Sports
9m
More to Explore
Quiz From the Vault
Featured Blog Post
Where Did the Easter Bunny Come From?
hide this ad
You Might Also Like...
Tags
Animal Quiz
Biology Quiz
Blitz Quiz
Clickable Quiz
bird
Killer Animal
Prey
Today's Top Quizzes in Science
Browse Science
hide this ad
Today's Top Quizzes in Biology
Browse Biology
Top Contributed Quizzes in Science
1
Quick Pick: Radians
2
The First 100 Digits of Pi
3
Quick Pick: 'CI-CJ' Animals
4
Elements In Images
5
perfect squares 1-25
6
One Thing in Common: Science
7
One Thing in Common: Science II
8
One Thing in Common: Animals
9
One Thing in Common: Science III
10
Science Jokes
Explore More
Trending Topics
Crossword
Marvel
Kpop
NBA
Anime
Disney
Harry Potter
Soccer
WWE
Puzzle
The Office
Pokémon
Song
NFL
Country
hide this ad
More By:
christopherjulia
Quiz
Plays
Rating
Category
Featured
Created
Europe: We're Surrounded!
157,936
4.14
Geography
Dec 28, 2016
Harry Potter Character or US President?
150,619
4.31
Just For Fun
Feb 8, 2017
Change a Letter: Anime
125,040
4.19
Entertainment
Jan 11, 2017
That's No Harry Potter Chapter. That's a Band!
104,317
4.33
Music
Mar 6, 2017
MLB, Not NBA (Minefield)
91,395
4.22
Sports
Mar 29, 2018
Go to Creator's Profile
Score Distribution
Quiz Creator Spotlight
christopherjulia
Follow
Send a Message
Quizzes Created
-
Created Quiz Play Count
-
More By This Creator
Popular Quizzes Today
1
Find the US States - No Outlines Minefield
2
Find the Countries of Europe - No Outlines Minefield
3
The Countries of the World
4
Find the US States
5
Risky Map Clicking: Biggest States A-Z
6
US States
7
Popular People in 1961
8
Movies - When Are They Set?
More Science Quizzes
Rush to the Finish: Animals by Country VI
Quiz Lab
Trending Quizzes
Risky Map Clicking: Least Populous States A-Z
Countries of the World: 200 Million BC
1-10 Letter G Words
Risky Map Clicking: Next State Alphabetically
Adjectives in 80s TV Shows
Recently Updated
Leaping Animals
pecheneg
Reality TV Shows (A-Z)
bhenderson79
Rickey Henderson's Hall of Fame Teammates
pecheneg
Champions League XIs: Arsenal
pecheneg
Quick Pick: Celebrities in WWE's Hall of Fame
aduchscher
A-Z Keypad Blitz II
pecheneg
Multiple Oscar Actors
pecheneg
Mystery Phrase Blitz: Oscar 'Best Actors'
pecheneg
F. Scott Fitzgerald Novels
LTH
Pick 3 Villains
ddd62291
Trending Topics
Harry Potter
Anime
Crossword
Kpop
Marvel
NBA
Disney
Song
NFL
Puzzle
Country
WWE
The Office
Pokémon
Soccer
Your Account Isn't Verified!
In order to create a playlist on Sporcle, you need to verify the email address you used during registration. Go to your
Sporcle Settings
to finish the process.
Report this User
Report this user for behavior that violates our
Community Guidelines
.
Details:
Send Report
Go to the Sporcle.com Mobile Site →
Comments